Bomoh

Bibliographic Details
Main Author: Jasman Ahmad
Format: Book
Published: Selangor : Penerbit setiamas , 1996
Series:Siri perubatan

MARC

LEADER 00000cam a2200000 7i4500
001 0000076103
005 20171024.0
008 171024
020 |a 9838033405 (set) 
020 |a 983803343X 
090 0 0 |a HEA   |b MAL 
100 1 |a Jasman Ahmad 
245 1 1 |a Bomoh   |c Jasman Ahmad;Siti Razmah Hj.Idris 
260 |a Selangor :   |b Penerbit setiamas ,   |c 1996 
490 1 |a Siri perubatan 
999 |a 0000530783   |b Book   |c Children Collection   |e Cawangan Bandar Penawar 
999 |a 0000530809   |b Book   |c Children Collection   |e Cawangan Bandar Penawar 
999 |a 0000530812   |b Book   |c Children Collection   |e Cawangan Mersing 
999 |a 0000530813   |b Book   |c Children Collection   |e Cawangan Mersing 
999 |a 0000530815   |b Book   |c Children Collection   |e Cawangan Mersing